00542nam a2200193Ia 4500003000400000005001700004008004100021040000700062041000800069082001300077100002700090245002600117260001700143300000800160650002000168942001300188999001900201952012800220OSt20251024093851.0250729s2006 xx 000 0 und d cAL aeng a500 CLAT aClark John O E9223290 a The space age vol IX aLondonc2006 a64p aScience9223291 2ddccBED c235834d235834 00104070aALbALd2025-07-29eBook Exhibitiong275.00l0o500 CLATpBED01153r2025-07-29 16:54:20v275.00w2025-07-29yBK